| Tag |
First Indicator |
Second Indicator |
Subfields |
| LEADER |
00000pam a2200000 a 4500 |
| 001 |
in00000092667 |
| 005 |
20150923132140.0 |
| 008 |
811217s1982 njua b 00110 eng |
| 010 |
|
|
|a 81023375
|
| 020 |
|
|
|a 0132000970
|
| 035 |
|
|
|a (OCoLC)08114779
|
| 035 |
|
|
|9 AAK7488AM
|
| 039 |
0 |
|
|a 2
|b 3
|c 3
|d 3
|e 3
|
| 040 |
|
|
|a DLC
|c DLC
|d TXA
|d UtOrBLW
|
| 049 |
|
|
|a TXAM
|c [985770]
|
| 050 |
0 |
0 |
|a QA76.9 D3
|b T43 1982
|
| 082 |
0 |
|
|a 001.64
|2 19
|
| 100 |
1 |
|
|a Teorey, Toby J.
|
| 245 |
1 |
0 |
|a Design of database structures /
|c Toby J. Teorey, James P. Fry.
|
| 264 |
|
1 |
|a Englewood Cliffs, N.J. :
|b Prentice-Hall,
|c [1982]
|
| 264 |
|
4 |
|c ©1982
|
| 300 |
|
|
|a xv, 492 pages :
|b illustrations ;
|c 24 cm.
|
| 336 |
|
|
|a text
|b txt
|2 rdacontent
|
| 337 |
|
|
|a unmediated
|b n
|2 rdamedia
|
| 338 |
|
|
|a volume
|b nc
|2 rdacarrier
|
| 490 |
1 |
|
|a Prentice Hall software series
|
| 500 |
|
|
|a Includes index.
|
| 504 |
|
|
|a Bibliography: pages 470-484.
|
| 650 |
|
0 |
|a Database management.
|
| 650 |
|
0 |
|a System design.
|
| 700 |
1 |
|
|a Fry, James P.
|
| 830 |
|
0 |
|a Prentice-Hall software series.
|
| 999 |
|
|
|a MARS
|
| 999 |
f |
f |
|s 66c8f47d-886c-3a1a-8197-dd25b8ebe6c7
|i 91fdc234-ecdf-3f02-84f7-688cbecd0abe
|t 0
|
| 952 |
f |
f |
|p ric
|a Texas A&M University
|b Rellis Campus
|c Joint Library Facility
|d Remote Storage
|t 0
|e QA76.9 D3 T43 1982
|h Library of Congress classification
|i unmediated -- volume
|m A14806005283
|
| 998 |
f |
f |
|a QA76.9 D3 T43 1982
|t 0
|l Remote Storage
|